| 000 | 00478nam a2200157Ia 4500 | ||
|---|---|---|---|
| 999 |
_c31543 _d31543 |
||
| 003 | OSt | ||
| 005 | 20250715162608.0 | ||
| 008 | 250310s9999||||xx |||||||||||||| ||und|| | ||
| 040 | _c. | ||
| 082 |
_a954.147 _bL881 |
||
| 100 |
_96170 _aLosty, Jeremiah P. |
||
| 245 | 0 |
_aCalcutta City of Places : a Survey of the City in the Days of the East India Company, 1690-1858 / _cJeremiah P. Losty |
|
| 260 |
_aNew Delhi : _bArnold publishers, _c1990. |
||
| 300 | _a136 p. | ||
| 942 |
_cBK _2ddc |
||